[Event "BCF-ch Seniors 65"]
[White "Jackson, Sheila"]
[Black "Sugden, John N"]
[Site "Hull"]
[Round "5"]
[Result "1/2-1/2"]
[Date "2024.08.02"]
[WhiteElo "1988"]
[BlackElo "1959"]
[PlyCount "41"]
[EventDate "2024.07.29"]
[EventType "swiss"]
[EventRounds "7"]
[EventCountry "ENG"]
[SourceTitle "CBM 221 Extra"]
[Source "ChessBase"]
[SourceDate "2024.09.30"]
[SourceVersion "1"]
[SourceVersionDate "2024.09.30"]
[SourceQuality "1"]

1. e4 c6 2. d4 d5 3. Nc3 dxe4 4. Nxe4 Bf5 5. Ng3 Bg6 6. h4 h6 7. Nf3 Nd7 8. h5 Bh7 9. Bd3 Bxd3 10. Qxd3 Qc7 11. Bd2 e6 12. 0-0-0 Ngf6 13. Ne4 0-0-0 14. Nxf6 Nxf6 15. Qe2 Kb8 16. c4 c5 17. dxc5 Bxc5 18. Rh4 Ka8 19. b4 Be7 20. Kb1 Nd7 21. Rg4 1/2-1/2

[Event "BCF-ch Seniors 65"]
[White "Winter, Malcolm J"]
[Black "Sugden, John N"]
[Site "Hull"]
[Round "1"]
[Result "1/2-1/2"]
[Date "2024.07.29"]
[WhiteElo "1776"]
[BlackElo "1959"]
[PlyCount "102"]
[EventDate "2024.07.29"]
[EventType "swiss"]
[EventRounds "7"]
[EventCountry "ENG"]
[SourceTitle "CBM 221 Extra"]
[Source "ChessBase"]
[SourceDate "2024.09.30"]
[SourceVersion "1"]
[SourceVersionDate "2024.09.30"]
[SourceQuality "1"]

1. d4 Nf6 2. Nf3 c5 3. e3 b6 4. c3 Bb7 5. Nbd2 g6 6. Be2 Bg7 7. 0-0 0-0 8. a3 d6 9. h3 Nbd7 10. b4 Qc7 11. Bb2 Rfd8 12. Qc2 e5 13. Rac1 e4 14. Ne1 Re8 15. Nc4 d5 16. Nd2 c4 17. Qd1 Re7 18. Nc2 Bh6 19. Qe1 Ne8 20. Bd1 f5 21. Ra1 Nd6 22. f3 exf3 23. Rxf3 Rae8 24. Qg3 Nf6 25. Be2 f4 26. Qh4 Nf5 27. Qe1 Nxe3 28. Nxe3 Rxe3 29. Rxe3 Rxe3 30. Nf3 Nd7 31. Bc1 Re4 32. Ra2 Qd8 33. Qf2 Qe7 34. Bd1 g5 35. Re2 Rxe2 36. Qxe2 Qxe2 37. Bxe2 Kg7 38. Bd1 Nf6 39. Bc2 Ne4 40. Bb2 Kf6 41. Ne5 b5 42. Ng4+ Kg6 43. Ne5+ Kf5 44. Bd1 Nf6 45. Bc2+ Ke6 46. Ng4 Nxg4 47. hxg4 Kf6 48. Bf5 Bf8 49. Bd7 a6 50. Kf2 Bd6 51. Kf3 h6 1/2-1/2

[Event "Hastings Masters op 97th"]
[White "Wilson, Matthew R"]
[Black "Sugden, John N"]
[Site "Hastings"]
[Round "2"]
[Result "0-1"]
[Date "2023.12.29"]
[WhiteElo "1771"]
[BlackElo "1968"]
[PlyCount "62"]
[EventDate "2023.12.28"]
[EventType "swiss"]
[EventRounds "9"]
[EventCountry "ENG"]
[SourceTitle "CBM 218 Extra"]
[Source "ChessBase"]
[SourceDate "2024.03.31"]
[SourceVersion "1"]
[SourceVersionDate "2024.03.31"]
[SourceQuality "1"]

1. e4 c5 2. Nf3 d6 3. Bb5+ Bd7 4. Bxd7+ Qxd7 5. c4 Nc6 6. 0-0 g6 7. d4 cxd4 8. Nxd4 Bg7 9. Be3 Nf6 10. f3 0-0 11. Nc3 Ne8 12. Qd2 Nc7 13. Rad1 Ne5 14. b3 f5 15. h4 Rf7 16. h5 Raf8 17. Bh6 Ne6 18. Nxe6 Qxe6 19. Bxg7 Kxg7 20. h6+ Kg8 21. Rfe1 fxe4 22. Rxe4 Qc8 23. Qd4 Nc6 24. Qe3 b6 25. Nd5 e5 26. f4 Qg4 27. Re1 exf4 28. Qc3 Ne5 29. Rxe5 dxe5 30. Qxe5 f3 31. Ne3 f2+ 0-1

[Event "Hastings Masters op"]
[White "Sugden, John N"]
[Black "Butt, Laurence"]
[Site "Hastings"]
[Round "4"]
[Result "1-0"]
[Date "2022.12.31"]
[WhiteElo "1997"]
[BlackElo "1740"]
[PlyCount "64"]
[EventDate "2022.12.28"]
[EventType "swiss"]
[EventRounds "10"]
[EventCountry "ENG"]
[SourceTitle "CBM 212 Extra"]
[Source "ChessBase"]
[SourceDate "2023.03.31"]
[SourceVersion "1"]
[SourceVersionDate "2023.03.31"]
[SourceQuality "1"]

1. e4 Nc6 2. d4 d5 3. e5 Bf5 4. Ne2 e6 5. Ng3 Bg6 6. h4 f6 7. h5 Bf7 8. f4 Qd7 9. c3 0-0-0 10. Be3 Nge7 11. Nd2 Nf5 12. Nxf5 exf5 13. Bd3 Be7 14. Qc2 g6 15. 0-0-0 fxe5 16. fxe5 Be6 17. Nf3 Rdf8 18. Bh6 Re8 19. Rh2 Nd8 20. Bg5 Nf7 21. Bxe7 Qxe7 22. Rdh1 c5 23. dxc5 Qxc5 24. hxg6 hxg6 25. Rxh8 Rxh8 26. Rxh8+ Nxh8 27. Nd4 Qe7 28. Qa4 Bd7 29. Qxa7 Qxe5 30. Qc5+ Kb8 31. Bb5 Qe3+ 32. Kc2 Bxb5 1-0

[Event "Hastings Masters op 95th"]
[White "Sugden, John N"]
[Black "Merriman, James"]
[Site "Hastings"]
[Round "7"]
[Result "1-0"]
[Date "2020.01.03"]
[WhiteElo "2065"]
[BlackElo "1895"]
[PlyCount "102"]
[EventDate "2019.12.28"]
[EventType "swiss"]
[EventRounds "9"]
[EventCountry "ENG"]
[SourceTitle "CBM 194 Extra"]
[Source "ChessBase"]
[SourceDate "2020.03.31"]
[SourceVersion "1"]
[SourceVersionDate "2020.03.31"]
[SourceQuality "1"]

1. d4 Nf6 2. c4 e6 3. Nc3 Bb4 4. f3 d5 5. a3 Bxc3+ 6. bxc3 0-0 7. cxd5 exd5 8. e3 Nh5 9. g3 c5 10. Bd3 Re8 11. Ne2 Bh3 12. Kf2 Qf6 13. Ng1 Bd7 14. Kg2 Qd6 15. g4 Nf6 16. Ne2 Nc6 17. Ng3 Be6 18. Qc2 g6 19. h4 c4 20. Be2 h5 21. gxh5 Nxh5 22. Nxh5 Bf5 23. Qd1 gxh5 24. Kf2 Na5 25. e4 dxe4 26. fxe4 Bxe4 27. Bf3 Nb3 28. Ra2 Nxc1 29. Qxc1 Bxf3 30. Qg5+ Qg6 31. Kxf3 Kh7 32. Qxg6+ fxg6 33. Re2 Rxe2 34. Kxe2 Rf8 35. Ke3 Re8+ 36. Kf3 Kg7 37. Rb1 Re7 38. Rb4 Rc7 39. Ke4 g5 40. hxg5 Kg6 41. d5 Re7+ 42. Kf4 Rf7+ 43. Ke5 Rf3 44. Rxc4 Kxg5 45. d6 Re3+ 46. Kd5 Rd3+ 47. Ke6 b5 48. Rc5+ Kf4 49. d7 h4 50. Rd5 Re3+ 51. Kf6 h3 1-0

[Event "GBR-ch Major 106th"]
[White "Clarke, Brandon GI"]
[Black "Sugden, John N"]
[Site "Torquay"]
[Round "3"]
[Result "1-0"]
[Date "2019.07.29"]
[WhiteElo "2433"]
[BlackElo "2068"]
[PlyCount "77"]
[EventDate "2019.07.27"]
[EventType "swiss"]
[EventRounds "9"]
[EventCountry "ENG"]
[SourceTitle "EXT 2020"]
[Source "ChessBase"]
[SourceDate "2019.10.17"]
[SourceVersion "1"]
[SourceVersionDate "2019.10.17"]
[SourceQuality "1"]

1. e4 c5 2. Nf3 e6 3. d4 cxd4 4. Nxd4 a6 5. Bd3 Nc6 6. Nxc6 dxc6 7. Nd2 e5 8. Nc4 Nf6 9. 0-0 Bg4 10. Qe1 Nd7 11. f4 exf4 12. Bxf4 Bc5+ 13. Kh1 0-0 14. Qg3 Bh5 15. Nd6 Bxd6 16. Bxd6 Re8 17. e5 Nf8 18. Rf4 Re6 19. Raf1 Rh6 20. Bxf8 Qxf8 21. Bc4 Qe7 22. Bxf7+ Bxf7 23. Rxf7 Qxf7 24. Rxf7 Kxf7 25. Qb3+ Kf8 26. Qxb7 Rd8 27. Qb4+ Ke8 28. h3 Re6 29. Qb7 Rd5 30. Qxg7 Re7 31. Qg8+ Kd7 32. e6+ Kc7 33. Qg3+ Kb7 34. c4 Rd8 35. c5 Kc8 36. Qa3 Rxe6 37. Qxa6+ Kc7 38. Qa7+ Kc8 39. Qxh7 1-0

[Event "Hastings Masters op 94th"]
[White "Sarkar, Justin"]
[Black "Sugden, John N"]
[Site "Hastings"]
[Round "4"]
[Result "1-0"]
[Date "2018.12.31"]
[WhiteElo "2345"]
[BlackElo "2072"]
[PlyCount "55"]
[EventDate "2018.12.28"]
[EventType "swiss"]
[EventRounds "10"]
[EventCountry "ENG"]
[SourceTitle "CBM 188 Extra"]
[Source "ChessBase"]
[SourceDate "2019.02.28"]
[SourceVersion "1"]
[SourceVersionDate "2019.02.28"]
[SourceQuality "1"]

1. d4 Nf6 2. c4 e6 3. Nc3 Bb4 4. Qb3 c5 5. dxc5 Nc6 6. Nf3 Ne4 7. Bd2 Nxd2 8. Nxd2 Bxc5 9. g3 b6 10. Bg2 Bb7 11. 0-0 Na5 12. Qc2 Bxg2 13. Kxg2 0-0 14. Rac1 Rc8 15. Qd3 Qc7 16. Nde4 Qc6 17. f3 a6 18. Rfd1 Rfd8 19. Nxc5 bxc5 20. Ne4 d5 21. cxd5 Rxd5 22. Rxc5 Rxd3 23. Rxc6 Rxc6 24. Rxd3 Kf8 25. b4 Nc4 26. Rc3 Ne5 27. Rc5 f6 28. f4 1-0

[Event "Hastings Masters op 94th"]
[White "Sugden, John N"]
[Black "Payne, Matthew"]
[Site "Hastings"]
[Round "3"]
[Result "1/2-1/2"]
[Date "2018.12.30"]
[WhiteElo "2072"]
[BlackElo "2182"]
[PlyCount "62"]
[EventDate "2018.12.28"]
[EventType "swiss"]
[EventRounds "10"]
[EventCountry "ENG"]
[SourceTitle "CBM 188 Extra"]
[Source "ChessBase"]
[SourceDate "2019.02.28"]
[SourceVersion "1"]
[SourceVersionDate "2019.02.28"]
[SourceQuality "1"]

1. e4 e6 2. d4 d5 3. e5 c5 4. c3 Nc6 5. Nf3 Nh6 6. Bd3 f6 7. Bxh6 gxh6 8. 0-0 cxd4 9. cxd4 Bg7 10. Nc3 0-0 11. Qe2 Bd7 12. Rad1 Be8 13. Bb1 fxe5 14. Nxe5 Nxe5 15. dxe5 Qg5 16. Rfe1 Bh5 17. Qd3 Bxd1 18. Qxh7+ Kf7 19. Nxd1 Rh8 20. Qd3 Bxe5 21. Qe2 Rhg8 22. g3 Rac8 23. Nc3 Rgd8 24. Qxe5 Qxe5 25. Rxe5 d4 26. Ne2 d3 27. Nc3 d2 28. Bc2 Rxc3 29. bxc3 d1Q+ 30. Bxd1 Rxd1+ 31. Kg2 b6 1/2-1/2

[Event "GBR-ch 105th"]
[White "Sugden, John N"]
[Black "Britton, Richard"]
[Site "Hull"]
[Round "7"]
[Result "0-1"]
[Date "2018.08.03"]
[WhiteElo "2090"]
[BlackElo "2249"]
[PlyCount "114"]
[EventDate "2018.07.28"]
[EventType "swiss"]
[EventRounds "9"]
[EventCountry "ENG"]
[SourceTitle "CBM 185 Extra"]
[Source "ChessBase"]
[SourceDate "2018.07.29"]
[SourceVersion "1"]
[SourceVersionDate "2018.07.29"]
[SourceQuality "1"]

1. e4 c5 2. Nc3 Nc6 3. g3 g6 4. Bg2 Bg7 5. d3 d6 6. f4 Nf6 7. Nf3 0-0 8. 0-0 Rb8 9. h3 b5 10. g4 b4 11. Ne2 a5 12. Ng3 Qc7 13. Be3 Nd7 14. Rb1 a4 15. Qd2 Ba6 16. Rf2 a3 17. b3 Nd4 18. Ne2 Nxe2+ 19. Qxe2 e6 20. Nd2 Rbe8 21. f5 exf5 22. gxf5 d5 23. Bf4 Qb6 24. fxg6 hxg6 25. Qg4 Nf6 26. Qh4 dxe4 27. Nxe4 Nxe4 28. Bxe4 c4 29. Bh6 cxd3 30. cxd3 Qd4 31. Bxg7 Kxg7 32. Qg3 f5 33. Rc1 Re7 34. Rc6 Rf6 35. Rxf6 Kxf6 36. Kh1 Qe5 37. Qh4+ Kf7 38. Qh7+ Qg7 39. Bd5+ Ke8 40. Bc6+ Kf8 41. Qh4 Bxd3 42. Qxb4 Qe5 43. Kg2 Kg7 44. Qxa3 Be4+ 45. Bxe4 Qxe4+ 46. Kh2 Qe5+ 47. Kg2 Qd5+ 48. Kh2 Re1 49. Qb2+ Kh7 50. Re2 Qh1+ 51. Kg3 Qg1+ 52. Kf3 Qf1+ 53. Ke3 Rd1 54. Qe5 Qxh3+ 55. Kf4 Qg4+ 56. Ke3 Qg1+ 57. Kf4 Rf1+ 0-1

[Event "Hastings Masters op 93rd"]
[White "Britton, Richard"]
[Black "Sugden, John N"]
[Site "Hastings"]
[Round "2"]
[Result "1-0"]
[Date "2017.12.29"]
[WhiteElo "2239"]
[BlackElo "2059"]
[PlyCount "117"]
[EventDate "2017.12.28"]
[EventType "swiss"]
[EventRounds "9"]
[EventCountry "ENG"]
[SourceTitle "CBM 182 Extra"]
[Source "ChessBase"]
[SourceDate "2018.02.23"]
[SourceVersion "1"]
[SourceVersionDate "2018.02.23"]
[SourceQuality "1"]

1. e4 c6 2. d3 d5 3. Nd2 e5 4. Ngf3 Bd6 5. g3 Nf6 6. Bg2 0-0 7. 0-0 Re8 8. b3 Bg4 9. h3 Bxf3 10. Qxf3 Nbd7 11. Qe2 Nf8 12. Bb2 Qe7 13. a3 Rad8 14. c3 Ne6 15. b4 Bc7 16. Nf3 dxe4 17. dxe4 h6 18. h4 Nd7 19. Rad1 a5 20. Nh2 Nb6 21. Bc1 Na4 22. Qc2 b5 23. Ng4 h5 24. Ne3 g6 25. Bf3 axb4 26. axb4 Rxd1 27. Rxd1 Rd8 28. Re1 Bb6 29. Be2 Ng7 30. Kg2 Qd6 31. Nc4 Qe6 32. Bg5 f6 33. Bc1 Ba7 34. Na3 Qe7 35. Qb3+ Qe6 36. c4 Bd4 37. Qc2 Nc3 38. cxb5 cxb5 39. Nxb5 Nxe2 40. Qxe2 Bb6 41. Rd1 Rxd1 42. Qxd1 Bxf2 43. Qd8+ Kh7 44. Qd5 Be1 45. Qxe6 Nxe6 46. Ba3 Nd4 47. Nxd4 exd4 48. b5 d3 49. Kf3 Bxg3 50. Be7 Kg7 51. b6 Kf7 52. Bd8 Ke6 53. b7 Be5 54. Ke3 f5 55. Kxd3 Bb8 56. Bb6 fxe4+ 57. Kxe4 Kf6 58. Be3 Ke6 59. Bf4 1-0

[Event "GBR-ch Major 104th"]
[White "Sugden, John N"]
[Black "Ratnesan, Ranesh"]
[Site "Llandudno"]
[Round "4"]
[Result "1-0"]
[Date "2017.08.01"]
[WhiteElo "2037"]
[BlackElo "1845"]
[PlyCount "109"]
[EventDate "2017.07.29"]
[EventType "swiss"]
[EventRounds "9"]
[EventCountry "WLS"]
[SourceTitle "CBM 179 Extra"]
[Source "ChessBase"]
[SourceDate "2017.08.23"]
[SourceVersion "1"]
[SourceVersionDate "2017.08.23"]
[SourceQuality "1"]

1. d4 Nf6 2. c4 g6 3. Nc3 Bg7 4. e4 d6 5. f3 a6 6. Be3 c6 7. Bd3 Nbd7 8. Nge2 b5 9. Qd2 Bb7 10. 0-0 0-0 11. h3 e5 12. cxb5 cxb5 13. d5 Nb6 14. a4 b4 15. Nd1 a5 16. b3 Nfd7 17. Rc1 Rc8 18. Rxc8 Bxc8 19. Nb2 Bb7 20. Nc4 Nxc4 21. Bxc4 f5 22. Bg5 Bf6 23. Bxf6 Qxf6 24. exf5 gxf5 25. f4 Kh8 26. fxe5 dxe5 27. Ng3 Qg6 28. Qf2 f4 29. Nh1 Qd6 30. Qd2 Nf6 31. Nf2 e4 32. Qd4 Re8 33. Ng4 Kg7 34. Nxf6 Qxf6 35. Qxf6+ Kxf6 36. Rxf4+ Ke5 37. Rh4 Kd4 38. Rxh7 Bc8 39. Kf2 Rg8 40. g4 Rg6 41. Rc7 Ba6 42. Ke2 Bxc4+ 43. Rxc4+ Kxd5 44. Ke3 Rh6 45. Rd4+ Kc5 46. Kxe4 Rxh3 47. Rd3 Rh1 48. g5 Rg1 49. Kf5 Rf1+ 50. Kg4 Rg1+ 51. Rg3 Re1 52. g6 Kd6 53. g7 Re8 54. Kf5 Rg8 55. Kf6 1-0

[Event "Hastings Masters op 92nd"]
[White "Sugden, John N"]
[Black "Vangsgaard, Freja"]
[Site "Hastings"]
[Round "5"]
[Result "0-1"]
[Date "2017.01.01"]
[WhiteElo "2071"]
[BlackElo "1975"]
[PlyCount "82"]
[EventDate "2016.12.28"]
[EventType "swiss"]
[EventRounds "9"]
[EventCountry "ENG"]
[SourceTitle "CBM 176 Extra"]
[Source "ChessBase"]
[SourceDate "2017.03.02"]
[SourceVersion "1"]
[SourceVersionDate "2017.03.02"]
[SourceQuality "1"]

1. e4 c6 2. d4 d5 3. e5 Bf5 4. Nf3 e6 5. Be2 c5 6. 0-0 Nc6 7. c3 cxd4 8. cxd4 h6 9. Nc3 Nge7 10. Be3 Nc8 11. Rc1 Be7 12. Na4 0-0 13. Nc5 Qc7 14. Qd2 Nb6 15. b3 Nd7 16. Nxd7 Qxd7 17. Qb2 a6 18. a3 Rfc8 19. b4 b5 20. Ne1 Na7 21. Nd3 Bxd3 22. Bxd3 Rxc1 23. Rxc1 Rc8 24. Rxc8+ Nxc8 25. Qc3 Nb6 26. Bb1 Bf8 27. Qc2 g6 28. h4 Nc4 29. Bc1 h5 30. Kf1 Qd8 31. g3 a5 32. a4 bxa4 33. Qxa4 axb4 34. Be3 Qa5 35. Bc2 Qxa4 36. Bxa4 Na5 37. Ke2 b3 38. Kd1 b2 39. Kc2 Nc4 40. Bg5 Bb4 41. Bb3 Bc3 0-1

[Event "Warwick County-ch"]
[White "Sugden, John N"]
[Black "Burnett, Jim"]
[Site "Warwick"]
[Round "1.13"]
[Result "0-1"]
[Date "2015.07.04"]
[WhiteElo "2071"]
[BlackElo "2091"]
[PlyCount "126"]
[EventDate "2015.07.04"]
[EventType "team-match"]
[EventRounds "1"]
[EventCountry "ENG"]
[SourceTitle "CBM 167 Extra"]
[Source "ChessBase"]
[SourceDate "2015.09.14"]
[SourceVersion "1"]
[SourceVersionDate "2015.09.14"]
[SourceQuality "1"]
[WhiteTeam "Kent"]
[BlackTeam "Yorkshire"]
[WhiteTeamCountry "ENG"]
[BlackTeamCountry "ENG"]

1. d4 d5 2. c4 e6 3. Nc3 c6 4. e3 Nf6 5. Nf3 Nbd7 6. Bd3 dxc4 7. Bxc4 b5 8. Bd3 a6 9. e4 c5 10. d5 c4 11. Bc2 Qc7 12. 0-0 Bb7 13. dxe6 fxe6 14. e5 Nxe5 15. Nxe5 Qxe5 16. Re1 Qd6 17. Qxd6 Bxd6 18. Rxe6+ Kd7 19. Re1 Rae8 20. Be3 Kc7 21. Bd4 h6 22. a3 Rxe1+ 23. Rxe1 Rd8 24. Rd1 Re8 25. h3 Be5 26. Bxe5+ Rxe5 27. f3 a5 28. Kf2 b4 29. Ne2 g5 30. Rd4 Ba6 31. Ng3 Nd5 32. axb4 axb4 33. Ne4 Nb6 34. Rd1 Ra5 35. Ke3 Ra2 36. Nc5 Bc8 37. Rb1 Kc6 38. Kd4 Ra5 39. Be4+ Kb5 40. Bg6 b3 41. Ne4 Kb4 42. Nc3 Ra7 43. Be4 Be6 44. g4 Bg8 45. Ke3 Bh7 46. Bxh7 Rxh7 47. Ra1 Re7+ 48. Kd2 Rd7+ 49. Ke2 Rd3 50. Ne4 Nd5 51. Nd2 Nf4+ 52. Ke1 c3 53. bxc3+ Kxc3 54. Rc1+ Kb2 55. Rc7 Nd5 56. Rc8 Re3+ 57. Kf2 Rc3 58. Nc4+ Kc1 59. Rd8 Nf4 60. Ne3 Nd3+ 61. Ke2 b2 62. Nd1 Rc2+ 63. Kxd3 Rd2+ 0-1

[Event "Hastings Masters op 90th"]
[White "Sugden, John N"]
[Black "Fryer, David W"]
[Site "Hastings"]
[Round "9"]
[Result "1/2-1/2"]
[Date "2015.01.06"]
[WhiteElo "2105"]
[BlackElo "2004"]
[PlyCount "81"]
[EventDate "2014.12.29"]
[EventType "swiss"]
[EventRounds "9"]
[EventCountry "ENG"]
[SourceTitle "CBM 164 Extra"]
[Source "ChessBase"]
[SourceDate "2015.03.02"]
[SourceVersion "1"]
[SourceVersionDate "2015.03.02"]
[SourceQuality "1"]

1. d4 d5 2. c4 e6 3. Nc3 Nf6 4. Bg5 Be7 5. e3 h6 6. Bxf6 Bxf6 7. cxd5 exd5 8. Bd3 0-0 9. Nf3 c5 10. dxc5 Bxc3+ 11. bxc3 Qa5 12. Qd2 Qxc5 13. 0-0 Nc6 14. Bc2 Ne7 15. Nd4 a6 16. Rfc1 Bd7 17. Qd3 g6 18. Qd2 Kh7 19. Bb3 Nc6 20. Ne2 Be6 21. Nf4 Rad8 22. Qe2 Rd7 23. e4 Ne7 24. Rc2 Qb6 25. Rd1 dxe4 26. Nxe6 Rxd1+ 27. Qxd1 fxe6 28. Qd7 Rf7 29. Re2 e5 30. Qe8 Rg7 31. Rxe4 Qc6 32. Qxc6 Nxc6 33. Kf1 Rd7 34. Ke2 Kg7 35. Re3 Kf6 36. Bc2 Ne7 37. Rf3+ Kg7 38. Be4 Nd5 39. g3 Nf6 40. Rd3 Rc7 41. f3 1/2-1/2